All Russian Premier League Teams in history - Statistics

General Stats
  • This quiz has been taken 340 times
  • The average score is 19 of 36
Answer Stats
# of seasons played Answer % Correct
1 SKA-Khabarovsk
97%
17 CSKA Moscow
96%
8 Moskva
96%
17 Zenit St. Petersburg
96%
17 Lokomotiv Moscow
93%
17 Spartak Moscow
90%
8 Krasnodar
82%
16 Rubin Kazan
77%
16 Dinamo Moscow
75%
16 Rostov
75%
9 Anzhi Makhachkala
70%
6 Torpedo Moscow
62%
5 Ufa
62%
6 Ural Yekaterinburg
62%
12 Akhmat/Terek
61%
4 Arsenal Tula
52%
8 Kuban Krasnodar
52%
14 Amkar Perm
44%
3 Rotor Volgograd
44%
9 Tom Tomsk
43%
6 Spartak Vladikavkaz/Alania
42%
2 Orenburg
41%
3 Khimki
40%
15 Krylya Sovetov Samara
35%
3 Mordovia Saransk
31%
1 Sibir Novosibirsk
31%
6 Shinnik Yaroslavl
30%
9 Saturn Ramenskoye
29%
3 Luch-Energiya Vladivostok
27%
3 Volga Nizhny Novgorod
27%
6 Spartak Nalchik
25%
1 Yenisey Krasnoyarsk
23%
1 Tosno
22%
1 Sokol Saratov
13%
1 Chernomorets Novorossiysk
12%
2 Uralan Elista
12%
No matching quizzes found
Score Distribution
Percent of People with Each Score
Percentile by Number Answered
Your Score History
You have not taken this quiz